|
|
|
|
| LEADER |
00000nam0a2200000 4500 |
| 001 |
320344 |
| 005 |
20231102003253.0 |
| 035 |
|
|
|a (RuTPU)RU\TPU\book\345875
|
| 035 |
|
|
|a RU\TPU\book\342254
|
| 090 |
|
|
|a 320344
|
| 100 |
|
|
|a 20160705d1968 e y0rusy50 ca
|
| 101 |
0 |
|
|a rus
|
| 102 |
|
|
|a RU
|
| 105 |
|
|
|a a z 000ca
|
| 200 |
1 |
|
|a Вижу Землю...
|f Ю. А. Гагарин
|
| 210 |
|
|
|a Москва
|c Детская литература
|d 1968
|
| 215 |
|
|
|a 64 с.
|c ил.
|
| 600 |
|
1 |
|a Гагарин
|b Ю. А.
|c российский летчик-космонавт
|c Герой Советского Союза
|f 1934-1968
|g Юрий Алексеевич
|2 stltpush
|3 (RuTPU)RU\TPU\pers\50
|9 33
|
| 606 |
1 |
|
|a Летчики-космонавты
|y СССР
|2 stltpush
|3 (RuTPU)RU\TPU\subj\40150
|9 60020
|
| 610 |
1 |
|
|a очерки
|
| 610 |
1 |
|
|a космонавты
|
| 610 |
1 |
|
|a космос
|
| 610 |
1 |
|
|a космические исследования
|
| 610 |
1 |
|
|a космические полеты
|
| 675 |
|
|
|a 628.78(09.092)
|v 3
|
| 700 |
|
1 |
|a Гагарин
|b Ю. А.
|g Юрий Алексеевич
|2 stltpush
|3 (RuTPU)RU\TPU\pers\50
|
| 801 |
|
1 |
|a RU
|b 63413507
|c 20160329
|
| 801 |
|
2 |
|a RU
|b 63413507
|c 20160707
|g RCR
|
| 942 |
|
|
|c BK
|